| 000 | 01064cam a22003257a 4500 | ||
|---|---|---|---|
| 999 |
_c105935 _d105935 |
||
| 003 | BJBSDDR | ||
| 005 | 20230411085703.0 | ||
| 007 | ta | ||
| 008 | 090523s2008 dr ab 000 0 spa | ||
| 020 | _a9789945162264 | ||
| 020 | _a9945162268 | ||
| 035 | _a(PR-SjLB)dh0905942808 | ||
| 040 |
_aDLC _cDLC _bspa |
||
| 041 | _aspa | ||
| 050 | 1 | 4 |
_a118 CS 2748 _bG182p 2008 |
| 082 | 0 | 0 | _a929.2 |
| 100 | 1 |
_aGalván, William, _d1953- |
|
| 245 | 1 | 0 |
_aPioneros : _bde agricultores a comerciantes / _cWilliam Galván. |
| 260 |
_aSanto Domingo, R.D. : _b[s.n.], _c2008 _e(Santo Domingo, R.D. : _fEditora Búho) |
||
| 300 |
_a214 p. : _bill., map ; _c24 cm. |
||
| 600 | 0 | 4 |
_aGalván (Familia) _zRepública Dominicana |
| 600 | 0 | 4 |
_aGalván (Familia) _xGenealogía |
| 650 | 4 |
_917632 _aAgricultores _zRepública Dominicana |
|
| 651 | 0 |
_917633 _aRepública Dominicana _xGenealogía |
|
| 653 | 0 | 1 | _aGalvan family |
| 653 | 0 | 5 | _aDominican Republic |
| 653 | 0 | 0 |
_aagriculture; _acommerce; _afarmers |
| 906 |
_a7 _bcbc _corigres _d4 _encip _f20 _gy-gencatlg |
||
| 942 |
_2lcc _cBK |
||